000 00681nam a22002177a 4500
003 DO-SdBNP
005 20220531074734.0
007 ta
008 201014b 2012 dr 00| 0 eng d
040 _aDO-SdBNP
_bspa
_cBNPHU
082 4 _222
111 1 _a Congreso Internacional del Interiorismo (4o. : 2012 : Madrid, EspaƱa)
_976885
245 1 0 _aEn el ameno huerto deseado :
_bponencias /
_cBruno Rosario Candelier
260 _aSanto Domingo :
_bAteneo Insular Internacional,
_c2012.
300 _a401 p. ;
_c23 cm.
490 1 _aPor las Amenas Liras
_v12
590 _aInventariado, 2022/BT
830 0 _aPor las Amenas Liras, 12
_976886
942 _2ddc
_cLBS1
956 _aLOPEREZ
999 _c48880
_d48880